Poklady skryté v účetnictví

Uložené v:
Podrobná bibliografia
Hlavný autor: Kovanicová, Dana
Ďalší autori: Kovanic, Pavel
Médium: Kniha
Jazyk:Czech
Vydavateľské údaje: Praha Polygon 1997
Vydanie:2. aktualiz. vyd.
Predmet:
Tagy: Pridať tag
Žiadne tagy, Buďte prvý, kto otaguje tento záznam!

MARC

LEADER 00000nam a2200000 4500
001 c123295
005 20221124073811.4
020 |a 80-85967-58-8 
041 0 |a cze 
044 |a CZ 
245 1 0 |a Poklady skryté v účetnictví  |c Dana Kovanicová, Pavel Kovanic 
250 |a 2. aktualiz. vyd. 
264 1 |a Praha  |b Polygon  |c 1997 
300 |a 229 s. 
610 2 0 |a účtovníctvo 
610 2 0 |a rozvoj podniku 
610 2 0 |a riadenie 
610 2 0 |a financie 
610 2 0 |a analýza finančná 
610 2 0 |a výkazy finančné 
610 2 0 |a rozpočty 
610 2 0 |a výkazy účtovné 
610 2 0 |a dáta 
610 2 0 |a testy 
610 2 0 |a odhady 
610 2 0 |a teórie ekonomické 
610 2 0 |a modely 
610 2 0 |a analýzy 
610 2 0 |a peniaze 
610 2 0 |a vývoj podniku 
610 2 0 |a tržby 
100 1 |a Kovanicová, Dana 
700 1 |a Kovanic, Pavel